| 000 | 00332nam a22001337a 4500 | ||
|---|---|---|---|
| 020 | _qHB. | ||
| 040 | _cFIZZA ISHAQ | ||
| 082 |
_a794.8163 _bGEO |
||
| 100 |
_aTOGELIUS,GEORGIOS. _990800 |
||
| 245 |
_aARTIFICIAL INTELLIGENCE AND GAMES / _cGEORGIOS TOGELIUS. |
||
| 260 |
_aNEW YORK ; _c2018. |
||
| 300 | _a337 P. ; | ||
| 942 |
_2ddc _cBK |
||
| 999 |
_c589026 _d589026 |
||